| 000 | 01647namaa22003371i 4500 | ||
|---|---|---|---|
| 005 | 20260423102544.0 | ||
| 008 | 260423s1995 ua a|||frm||| 000 0 eng d | ||
| 040 |
_aEG-GICUC _beng _cEG-GICUC _dEG-GICUC _erda |
||
| 041 | 0 |
_aeng _beng _bara |
|
| 049 | _aDeposite | ||
| 097 | _aPh.D | ||
| 099 | _aCai01.11.01.PhD.1995.Sh.E. | ||
| 100 | 0 |
_aShereen Moustafa Amin, _epreparation. |
|
| 245 | 1 | 0 |
_aEffect Of Almitrine Versus Doxapram On Postoperative Pulmonary Complications In High Risk Patients / _cBy Shereen Moustafa Amin; Suervised By Prof.Dr. Salah EL-Khateeb, Prof.Dr. Fawzeya Abu EL-Fetouh, Prof.Dr. Mouhammed K. EL Sourougi, Prof.Dr. Ashraf M. Hatem. |
| 246 | 1 | 5 | _aتأثير عقار الالمترين ومقارنته بعقار الدوكسابرام على المضاعفات الرئوية بعد العمليات الجراحية للمرضى ذوي الخطورة العاليه / |
| 264 | 0 | _c1995. | |
| 300 |
_a220 pages : _billustrations ; _c30 cm. + |
||
| 336 |
_2rda content _atext |
||
| 337 |
_2rdamedia _aUnmediated |
||
| 338 |
_2rdacarrier _avolume |
||
| 502 | _aThesis (Ph.D)-Cairo University, 1995. | ||
| 504 | _aBibliography: pages 201-220. | ||
| 653 | 0 | _aAnaesthesia | |
| 700 | 0 |
_aSalah EL-Khatee _ethesis advisor. |
|
| 700 | 0 |
_aFawzeya Abu EL-Fetouh _ethesis advisor. |
|
| 700 | 0 |
_aMouhammed K. EL Sourougi _ethesis advisor. |
|
| 700 | 0 |
_aAshraf M. Hatem _ethesis advisor. |
|
| 900 |
_DDepartment of Anaesthesiology _FFaculty of Medicine _UCairo University _b1995 _cSalah EL-Khatee _cFawzeya Abu EL-Fetouh _cMouhammed K. EL Sourougi _cAshraf M. Hatem |
||
| 905 | _aEman El gebaly | ||
| 942 |
_2ddc _cTH _e21 _n0 |
||
| 999 | _c179690 | ||